بضع ساعات في يوم ما..! : (Record no. 27025)
[ view plain ]
| 000 -الفاتح | |
|---|---|
| حقل البيانات ثابتة الطول | 00828nam a22002415a 4500 |
| 003 - محدد رقم الضبط | |
| رقم الضبط | EG-ScBUE |
| 005 - وقت وتاريخ اخر تعامل مع التسجيلة | |
| رقم الضبط | 20190409153147.0 |
| 008 - عناصر البيانات ثابتة الطول - معلومات عامة | |
| حقل البيانات ثابتة الطول | 181204s2018 ua a fr 000 0 ara d |
| 017 ## - رقم الإيداع القانونى | |
| رقم الإيداع القانونى | 2011 / 17425 |
| 020 ## - الرقم الدولى المعيارى للكتب | |
| الرقم الدولى المعيارى للكتاب | 9789775153098 |
| 040 ## - مصدر الفهرسة | |
| وكالة الفهرسة الأصلية | EG-ScBUE |
| لغة الفهرسة | ara |
| وكالة النسخ | EG-ScBUE |
| وكالة التعديل | EG-ScBUE |
| 082 04 - رقم تصنيف ديوى العشرى | |
| رقم التصنيف | 892.737 |
| رقم المادة | ص ا د |
| رقم الطبعة | 22 |
| 100 1# - المدخل الرئيسى - إسم شخصى | |
| الإسم الشخصى | صادق، محمد، |
| التواريخ المصاحبة للاسم | 1987- |
| 9 (RLIN) | 41953 |
| 245 10 - بيان العنوان | |
| العنوان | بضع ساعات في يوم ما..! : |
| بقية العنوان | رواية / |
| بيان المسئوليه,etc | محمد صادق. |
| 250 ## - بيان الطبعة | |
| بيان الطبعة | ط. 32. |
| 260 ## - PUBLICATION, DISTRIBUTION, ETC. (IMPRINT) | |
| مكان الناشر او الموزع | الجيزة ؛ |
| -- | القاهرة : |
| اسم الناشر او الموزع | الرواق للنشر والتوزيع، |
| تاريخ النشر أو التوزيع | 2018. |
| 300 ## - الوصف المادى | |
| التعداد | 183 ص. ؛ |
| أبعاد الوعاء | 20 سم. |
| 541 ## - تبصرة المصدر المباشر للتزويد | |
| مصدر التزويد | محمد صادق ؛ |
| طريقة التزويد | إهداء ؛ |
| 650 #7 - المدخل الاضافى بالموضوع-مصطلح موضوعى | |
| مصطلح موضوعي أو اسم جغرافي كعنصر مدخل | القصص العربية |
| التقسيم الفرعي الجغرافي | مصر |
| التقسيم الفرعي الزمني | قرن21. |
| مصدر الرأس أو المصطلح | BUEsh |
| 651 ## - المدخل الاضافى بالموضوع - اسم جغرافى | |
| مصدر الرأس أو المصطلح | BUEsh |
| 653 ## - مصطلح تكشيفى غير مقيد | |
| Resource For college | Arabic Literature |
| Arrived date list | December2018 |
| 942 ## - عناصر المدخل الإضافي( كوها) | |
| مصدر التصنيف او مخطط الترفيف | Dewey Decimal Classification |
| حالة التراجع | حالة الفقد | مصدر التصنيف او خطة الترفيف | حالة تلف | ليس للاعارة | مجموعات كوها | المكان الدائم | المكان الحالي | موقع الترفيف | تاريخ الاكتساب | Source of acquisition | رقم الاستدعاء | الباركود | Date last checked out | Date last seen | مُعار | نوع الوعاء |
|---|---|---|---|---|---|---|---|---|---|---|---|---|---|---|---|---|
| Dewey Decimal Classification | Donation-Gift | Central Library | Central Library | Second Floor | 04/12/2018 | Donation | 892.737 ص ا د | 000044023 | 19/10/2020 | 19/09/2020 | 19/09/2020 | Book - Borrowing |